000 00343 a2200157 4500
001 156784
020 _a9788535922837
040 _cEscola São Tomás de Aquino
100 _aANDRADE, Carlos Drummond de
240 1 0 _aAlguma poesia
_lpor
245 1 0 _aAlguma poesia
300 _a110
362 0 _a2013
697 _aPoesia
942 _cBK
999 _c156784
_d156784